| 000 | 00675nam a22001577a 4500 | ||
|---|---|---|---|
| 003 | OSt | ||
| 005 | 20160209143535.0 | ||
| 008 | 160209b xxu||||| |||| 00| 0 eng d | ||
| 040 | _cRUA | ||
| 082 | _aMGR CHU 2004 B377 Or.1 | ||
| 100 |
_96997 _aCHUONG SOPHAL; ជួង សុផល |
||
| 245 | _aEffect of green manure on sen pidor rice variety in irrgated sandy loam soil, ឥទ្ធិពលជីស្រស់លើពូជស្រូវសែនពិដោរលើដីល្បាយខ្សាច់ក្នុងលក្ខខណ្ឌស្រោចស្រព | ||
| 260 |
_aPhnom Penh _bRUA _c2004 |
||
| 300 |
_axii ;59p. _bill. _c29cm. |
||
| 942 |
_2ddc _cNRM |
||
| 999 |
_c6585 _d6585 |
||